[Event "Olimpiade 2014 - Open"]
[Site "Tromsø"]
[Date "08.08.2014"]
[Round "6.29"]
[Board "1"]
[White "Fier, Alexandr"]
[Black "Lee, Sanghoon"]
[Result "1-0"]
[WhiteTitle "GM"]
[BlackTitle "FM"]
[WhiteElo "2570"]
[BlackElo "2114"]
[WhiteTeam "Brazil"]
[BlackTeam "South Korea"]
[WhiteFideId "2107139"]
[BlackFideId "13200011"]
[EventDate "2014.08.02"]

1. d4 Nf6 2. Bg5 c5 3. d5 Ne4 4. Bf4 Qb6 5. Nd2 Nxd2 6. Bxd2 d6 7. Bc3 Nd7 8. e4
Nf6 9. Qd3 g6 10. f4 Bg7 11. e5 Bf5 12. exf6 Bxd3 13. fxg7 Rg8 14. Bxd3 f6 15.
Nf3 Rxg7 16. Ng5 c4 17. Be2 Rg8 18. Ne6 Kf7 19. O-O-O Qe3+ 20. Rd2 Qb6 21. h4
Rac8 22. h5 Qa6 23. a3 b5 24. hxg6+ hxg6 25. f5 Rh8 26. fxg6+ Kxg6 27. Nf4+ Kg7
28. Bh5 Rxh5 29. Rxh5 Rh8 30. Rxh8 Kxh8 31. Re2 Qc8 32. Rxe7 Qf5 33. g3 Qg5 34.
Rf7 1-0

[Event "Olimpiade 2014 - Open"]
[Site "Tromsø"]
[Date "08.08.2014"]
[Round "6.29"]
[Board "2"]
[White "Kim, Inguh"]
[Black "Mekhitarian, Krikor Sevag"]
[Result "0-1"]
[WhiteTitle "CM"]
[BlackTitle "GM"]
[WhiteElo "1829"]
[BlackElo "2568"]
[WhiteTeam "South Korea"]
[BlackTeam "Brazil"]
[WhiteFideId "13201204"]
[BlackFideId "2107660"]
[EventDate "2014.08.02"]

1. e4 c5 2. Nf3 d6 3. d4 cxd4 4. Nxd4 Nf6 5. Nc3 e6 6. Be2 Be7 7. O-O O-O 8. Be3
Nc6 9. f4 Bd7 10. Kh1 a6 11. a4 Rc8 12. f5 Ne5 13. Qe1 Nc4 14. Bxc4 Rxc4 15. b3
Rc8 16. Rd1 Ng4 17. Bc1 Bh4 18. g3 Be7 19. Bb2 Nf6 20. h3 e5 21. Nf3 b5 22. axb5
axb5 23. Ba3 Rxc3 24. Qxc3 Nxe4 25. Qe1 Qa8 26. Kh2 Rc8 27. Rc1 Nxg3 28. Qxg3
Qxa3 29. h4 Bxf5 30. Qf2 g6 31. h5 Qb4 32. hxg6 hxg6 33. Rg1 Kg7 34. Rg3 Qf4 35.
Rf1 Rxc2 0-1

[Event "Olimpiade 2014 - Open"]
[Site "Tromsø"]
[Date "08.08.2014"]
[Round "6.29"]
[Board "3"]
[White "Milos, Gilberto"]
[Black "Kim, Saebyeok"]
[Result "1-0"]
[WhiteTitle "GM"]
[WhiteElo "2583"]
[BlackElo "1873"]
[WhiteTeam "Brazil"]
[BlackTeam "South Korea"]
[WhiteFideId "2100029"]
[BlackFideId "13200518"]
[EventDate "2014.08.02"]

1. c4 c5 2. Nf3 g6 3. d4 cxd4 4. Nxd4 Nc6 5. e4 Bg7 6. Be3 Nf6 7. Nc3 O-O 8. Be2
d6 9. O-O Bd7 10. Qd2 Nxd4 11. Bxd4 Bc6 12. Bd3 Nd7 13. Bxg7 Kxg7 14. Rad1 Rc8
15. Rfe1 Qa5 16. Re3 Qg5 17. h4 Qh6 18. Be2 Ne5 19. g3 f6 20. Qd4 b6 21. Nd5
Bxd5 22. exd5 Rc7 23. f4 Nf7 24. Re1 Nd8 25. Kg2 Kg8 26. h5 f5 27. Bd1 Rf7 28.
Ba4 g5 29. Rf1 g4 30. Rfe1 Rg7 31. Be8 Kf8 32. Re6 Nxe6 33. Rxe6 Rg6 34. Bxg6
hxg6 35. Rxg6 Qxh5 36. Qg7+ Ke8 37. Qg8+ 1-0

[Event "Olimpiade 2014 - Open"]
[Site "Tromsø"]
[Date "08.08.2014"]
[Round "6.29"]
[Board "4"]
[White "Lee, Jun Hyeok"]
[Black "El Debs, Felipe de Cresce"]
[Result "0-1"]
[BlackTitle "GM"]
[WhiteElo "1884"]
[BlackElo "2522"]
[WhiteTeam "South Korea"]
[BlackTeam "Brazil"]
[WhiteFideId "13202340"]
[BlackFideId "2106981"]
[EventDate "2014.08.02"]

1. d4 d5 2. c4 c6 3. Nc3 Nf6 4. e3 Bf5 5. cxd5 cxd5 6. Qb3 Nc6 7. Qxb7 Bd7 8.
Bb5 Rb8 9. Qa6 Nb4 10. Qa4 Rxb5 11. Nxb5 e5 12. Bd2 Nd3+ 13. Ke2 Qb8 14. Qxa7
Qxb5 15. Qa8+ Ke7 16. a4 Nf4+ 17. Kf3 Qd3 0-1

[Event "Olimpiade 2014 - Open"]
[Site "Tromsø"]
[Date "08.08.2014"]
[Round "6.30"]
[Board "1"]
[White "Iturrizaga Bonelli, Eduardo"]
[Black "Gonzalez Acosta, Bernal"]
[Result "1-0"]
[WhiteTitle "GM"]
[BlackTitle "IM"]
[WhiteElo "2653"]
[BlackElo "2469"]
[WhiteTeam "Venezuela"]
[BlackTeam "Costa Rica"]
[WhiteFideId "3901211"]
[BlackFideId "6500170"]
[EventDate "2014.08.02"]

1. Nf3 d5 2. c4 c6 3. e3 Nf6 4. Nc3 g6 5. b3 Bg7 6. Bb2 O-O 7. Be2 c5 8. Na4 b6
9. d4 cxd4 10. exd4 Ne4 11. O-O Bb7 12. Rc1 Nd7 13. Bd3 Rc8 14. Qe2 Re8 15. Rfd1
e6 16. b4 Nd6 17. c5 Nc4 18. Bxc4 dxc4 19. Ne5 Nxe5 20. dxe5 Qg5 21. f4 Qxf4 22.
Rxc4 Qf5 23. Rf1 Qg5 24. Rcf4 b5 25. h4 Qd8 26. Nc3 a6 27. Rd1 Qc7 28. Rd6 Bf8
29. Nd1 Bxd6 30. exd6 Qc6 31. d7 Qxd7 32. Qe5 f6 33. Rxf6 Rf8 34. Rxe6 Rf5 35.
Qh8+ Kf7 36. Rd6 Rf1+ 37. Kxf1 Qf5+ 38. Nf2 Rxh8 39. Bxh8 Bd5 40. Rf6+ Qxf6 41.
Bxf6 Kxf6 42. Ng4+ Ke6 43. a3 Be4 44. Kf2 h5 45. Nh2 Kd5 46. Nf3 Bf5 47. Ke3 a5
48. Nd4 axb4 49. axb4 Bd7 50. c6 Bxc6 51. Nxc6 Kxc6 52. Ke4 1-0

[Event "Olimpiade 2014 - Open"]
[Site "Tromsø"]
[Date "08.08.2014"]
[Round "6.30"]
[Board "2"]
[White "Valdes Romero, Leonardo"]
[Black "Ynojosa Aponte, Felix Jose"]
[Result "1-0"]
[WhiteTitle "IM"]
[BlackTitle "IM"]
[WhiteElo "2406"]
[BlackElo "2448"]
[WhiteTeam "Costa Rica"]
[BlackTeam "Venezuela"]
[WhiteFideId "6500331"]
[BlackFideId "3900258"]
[EventDate "2014.08.02"]

1. Nf3 c5 2. g3 Nc6 3. Bg2 e5 4. d3 d5 5. O-O Nf6 6. Nbd2 Bd6 7. e4 d4 8. Nc4
Bc7 9. a4 a6 10. Bd2 Rb8 11. Qe1 O-O 12. a5 Be6 13. b3 Ne8 14. Nh4 Nd6 15. f4
Nxc4 16. bxc4 exf4 17. gxf4 f6 18. e5 f5 19. Nf3 h6 20. Kh1 Ne7 21. Rg1 Bd7 22.
Qg3 g6 23. Qh3 Kg7 24. Be1 Qe8 25. Bh4 Ng8 26. Rge1 Bc6 27. Bf6+ Kf7 28. Ng5+
hxg5 29. Qh7+ Ke6 30. Qxc7 Bxg2+ 31. Kxg2 Qc6+ 32. Qxc6+ bxc6 33. Bxg5 Rb2 34.
Re2 Rfb8 35. Kf3 R2b7 36. Rg1 Rh7 37. Rg3 Re8 38. Kg2 Rb8 39. Rh3 Rxh3 40. Kxh3
Rc8 41. Rg2 Kf7 42. Kg3 Rb8 43. Kf3 Re8 44. Bh4 Kg7 45. Rg1 Rb8 46. Re1 Kf8 47.
Rg1 Kg7 48. Ke2 Nh6 49. Be7 Ng4 50. Bxc5 Rh8 51. Rh1 Ne3 52. Bxd4 Nxc2 53. Bc3
c5 54. h4 Nd4+ 55. Bxd4 cxd4 56. Kd2 Rb8 57. Kc2 Rb4 58. h5 Ra4 59. Kb3 Rxa5 60.
Rg1 Kh6 61. Rxg6+ Kxh5 62. Rg5+ Kh4 63. e6 Ra1 64. Rxf5 Re1 65. Re5 1-0

[Event "Olimpiade 2014 - Open"]
[Site "Tromsø"]
[Date "08.08.2014"]
[Round "6.30"]
[Board "3"]
[White "Rohl Montes, Juan Armando"]
[Black "Minero Pineda, Sergio"]
[Result "1-0"]
[WhiteTitle "IM"]
[BlackTitle "IM"]
[WhiteElo "2390"]
[BlackElo "2384"]
[WhiteTeam "Venezuela"]
[BlackTeam "Costa Rica"]
[WhiteFideId "3900487"]
[BlackFideId "6500374"]
[EventDate "2014.08.02"]

1. e4 e6 2. d4 d5 3. Nd2 Nf6 4. e5 Nfd7 5. Bd3 c5 6. c3 Nc6 7. Ne2 cxd4 8. cxd4
f6 9. exf6 Nxf6 10. O-O Bd6 11. Nf3 O-O 12. Bf4 Bxf4 13. Nxf4 Ne4 14. Qc1 Ng5
15. Nxg5 Qxg5 16. Ne2 Qf6 17. Qe3 Bd7 18. Bb5 Nb8 19. Bxd7 Nxd7 20. Rac1 Rac8
21. b3 Nb6 22. g3 g5 23. Rfe1 Rxc1 24. Nxc1 Re8 25. Nd3 Nd7 26. Rc1 Re7 27. Rc8+
Nf8 28. Ne5 Kg7 29. h4 h6 30. h5 a6 31. g4 Kh7 32. Kg2 Kg7 33. a4 Kh7 34. b4 Kg7
35. b5 axb5 36. axb5 b6 37. Qa3 Rb7 38. Qa8 Re7 39. Qa3 Rb7 40. Qa6 Re7 41. Qxb6
Qf4 42. Rxf8 Qxf8 43. Ng6 Qe8 44. Nxe7 Qxe7 45. Qc5 1-0

[Event "Olimpiade 2014 - Open"]
[Site "Tromsø"]
[Date "08.08.2014"]
[Round "6.30"]
[Board "4"]
[White "Murillo Tsijli, Alexis"]
[Black "Guerrero Vargas, Andres"]
[Result "1/2-1/2"]
[WhiteTitle "IM"]
[BlackTitle "FM"]
[WhiteElo "2303"]
[BlackElo "2318"]
[WhiteTeam "Costa Rica"]
[BlackTeam "Venezuela"]
[WhiteFideId "6500218"]
[BlackFideId "3902048"]
[EventDate "2014.08.02"]

1. d4 Nf6 2. c4 e6 3. Nc3 Bb4 4. e3 O-O 5. Bd3 d5 6. Nf3 c5 7. O-O dxc4 8. Bxc4
Nbd7 9. Qe2 cxd4 10. exd4 Bxc3 11. bxc3 Qc7 12. Bg5 Re8 13. Rac1 b6 14. Bb5 a6
15. Bxd7 Nxd7 16. c4 Bb7 17. Rfe1 h6 18. Bh4 Nf8 19. Nd2 Qf4 20. Bg3 Qxd4 21.
Be5 Qd7 22. Ne4 Qc6 23. f3 Ng6 24. Ba1 e5 25. c5 Nf4 26. Qf1 bxc5 27. Nxc5 f6
28. g3 Ne6 29. Ne4 Qb6+ 30. Qf2 Qxf2+ 31. Kxf2 Red8 32. Nc5 Nxc5 33. Rxc5 Rd3
34. Rc3 Rxc3 35. Bxc3 Rc8 36. Re3 Rc4 37. a3 Kf7 38. Bb4 g5 39. Rc3 Rxc3 40.
Bxc3 Ke6 41. f4 exf4 42. gxf4 gxf4 43. Kg1 h5 44. Be1 Bc6 45. Bf2 Ke5 46. Ba7
Kd5 47. Bf2 Kc4 48. Ba7 f5 49. Bb8 Kb3 50. Bd6 Bd5 51. Bf8 a5 52. Kf2 Be4 53.
Bd6 a4 54. Bf8 Bb7 55. h4 Bc6 56. Be7 Kb2 57. Bf8 Kc3 58. Bd6 f3 59. Be7 Kd4 60.
Bd8 Bb7 61. Be7 Kd5 62. Bb4 Ke5 63. Be7 Kd5 64. Bb4 Ke4 65. Bf8 Ke5 66. Be7 Ke6
67. Bc5 Kf6 68. Bf8 Bc6 69. Bc5 Ba8 70. Bd6 Kf7 71. Bb4 1/2-1/2

[Event "Olimpiade 2014 - Open"]
[Site "Tromsø"]
[Date "08.08.2014"]
[Round "6.31"]
[Board "1"]
[White "Efimov, Igor"]
[Black "McNab, Colin A"]
[Result "1/2-1/2"]
[WhiteTitle "GM"]
[BlackTitle "GM"]
[WhiteElo "2408"]
[BlackElo "2441"]
[WhiteTeam "Monaco"]
[BlackTeam "Scotland"]
[WhiteFideId "806404"]
[BlackFideId "2400030"]
[EventDate "2014.08.02"]

1. d4 d6 2. e4 g6 3. g3 Bg7 4. Bg2 Nc6 5. Ne2 e5 6. c3 Nf6 7. O-O O-O 8. Re1 Re8
9. d5 Ne7 10. a4 Nd7 11. Na3 f5 12. Nc4 Nf6 13. exf5 Nxf5 14. Bg5 Bh6 15. Bxh6
Nxh6 16. Nc1 Kg7 17. a5 Nf7 18. Qd2 e4 19. Na2 c5 20. Nc1 Qd7 21. Ne2 Qf5 22.
Nf4 g5 23. Ne3 Qe5 24. Ne2 Bd7 25. c4 h6 26. Nc3 g4 27. Ne2 Ng5 28. Nf4 b5 29.
b3 Rab8 30. Rab1 b4 31. Rbd1 Kh7 32. Kh1 Rg8 33. Ne6 Bxe6 34. dxe6 Rbd8 35. Nd5
Qxe6 36. Nxf6+ Qxf6 37. Bxe4+ Nxe4 38. Qd3 Rge8 39. Rxe4 Kh8 40. Rxe8+ Rxe8 41.
Kg2 Re6 42. Rd2 1/2-1/2

[Event "Olimpiade 2014 - Open"]
[Site "Tromsø"]
[Date "08.08.2014"]
[Round "6.31"]
[Board "2"]
[White "Greet, Andrew N"]
[Black "Villegas, Pierre"]
[Result "1-0"]
[WhiteTitle "IM"]
[BlackTitle "FM"]
[WhiteElo "2431"]
[BlackElo "2323"]
[WhiteTeam "Scotland"]
[BlackTeam "Monaco"]
[WhiteFideId "405817"]
[BlackFideId "654183"]
[EventDate "2014.08.02"]

1. c4 g6 2. d4 Nf6 3. g3 c6 4. Nf3 d5 5. b3 Bg7 6. Bg2 O-O 7. O-O dxc4 8. bxc4
c5 9. Bb2 Qb6 10. Qb3 Ne4 11. e3 Nc6 12. Ne5 Nd6 13. Nd2 Be6 14. dxc5 Qxc5 15.
Nd3 Qa5 16. Bxg7 Kxg7 17. Qb2+ Kg8 18. Rfc1 Rab8 19. Nf4 Bd7 20. c5 Ne8 21. Nb3
Qd8 22. Rd1 Nf6 23. Rd2 Qc7 24. e4 Ne5 25. Qc3 b6 26. Rc1 Rbc8 27. Qb2 b5 28.
Nd5 Nxd5 29. exd5 Nc4 30. Qd4 Nxd2 31. Qxd2 Rfd8 32. Re1 Be6 33. Qg5 f6 34. d6
Qd7 35. Qe3 Bc4 36. dxe7 Re8 37. c6 Qd6 38. Na5 Rc7 39. Nxc4 bxc4 40. Qe4 Kg7
41. Qxc4 Rcxe7 42. Rxe7+ Rxe7 43. Bf3 Qe5 44. Kg2 h5 45. h4 Qd6 46. Qa6 Qd4 47.
Qa5 Qd6 48. Qc3 Kh6 49. Qc4 g5 50. Qg8 gxh4 51. Qf8+ Kg5 52. gxh4+ Kf5 53. Qh8
Ke6 54. Qxh5 Rg7+ 55. Kh3 Ke7 56. Qf5 Kf8 57. Bd5 Ke7 58. h5 Qa3+ 59. Qf3 Qd6
60. h6 1-0

[Event "Olimpiade 2014 - Open"]
[Site "Tromsø"]
[Date "08.08.2014"]
[Round "6.31"]
[Board "3"]
[White "Nelis, Jean-Francois"]
[Black "Shaw, John"]
[Result "0-1"]
[BlackTitle "GM"]
[WhiteElo "2224"]
[BlackElo "2419"]
[WhiteTeam "Monaco"]
[BlackTeam "Scotland"]
[WhiteFideId "623830"]
[BlackFideId "2400553"]
[EventDate "2014.08.02"]

1. e4 d5 2. exd5 Qxd5 3. Nc3 Qd8 4. d4 Nf6 5. Nf3 Bg4 6. h3 Bxf3 7. Qxf3 c6 8.
Bd3 e6 9. Be3 Nbd7 10. O-O Bd6 11. Rfe1 O-O 12. Ne4 Nxe4 13. Qxe4 Nf6 14. Qh4
Be7 15. c4 g6 16. Qf4 Nh5 17. Qe4 Bg5 18. Red1 Bxe3 19. Qxe3 Qf6 20. Be2 Nf4 21.
Bf1 Rfd8 22. g3 Nh5 23. Bg2 Rd7 24. Rd2 Rad8 25. Rad1 Qe7 26. a3 Nf6 27. b4 Ne8
28. Qc3 Qf6 29. c5 Nc7 30. a4 a6 31. Qb2 h5 32. h4 Kh7 33. Be4 Kh6 34. Rd3 Qg7
35. Kg2 f5 36. Qd2+ Kh7 37. Bf3 e5 38. Be2 e4 39. Rb3 Ne6 40. Rbb1 Nxd4 41. Bc4
Nf3 42. Qc2 Rd2 43. Rxd2 Rxd2 44. Qb3 Qd4 45. Rf1 Ne5 46. Bg8+ Kg7 47. Kg1 e3
48. fxe3 Qg4 49. e4 Qe2 0-1

[Event "Olimpiade 2014 - Open"]
[Site "Tromsø"]
[Date "08.08.2014"]
[Round "6.31"]
[Board "4"]
[White "Tate, Alan"]
[Black "Ribbegren, Karl Johan"]
[Result "0-1"]
[WhiteTitle "FM"]
[WhiteElo "2347"]
[BlackElo "2211"]
[WhiteTeam "Scotland"]
[BlackTeam "Monaco"]
[WhiteFideId "2401878"]
[BlackFideId "5400040"]
[EventDate "2014.08.02"]

1. e4 c5 2. Nf3 g6 3. c4 Bg7 4. d4 cxd4 5. Nxd4 Nc6 6. Be3 Nh6 7. Nc3 O-O 8. Be2
f5 9. exf5 Bxd4 10. Bxh6 Rxf5 11. O-O Qb6 12. Ne4 Qxb2 13. Rb1 Qxa2 14. Rb3 d6
15. Bg4 Rf7 16. Bxc8 Rxc8 17. Qg4 Rf5 18. Nd2 Bb6 19. c5 Ne5 20. Qh4 dxc5 21.
Qxe7 Nf7 22. Qe6 Rf8 23. Bxf8 Qxd2 24. Be7 Kg7 25. Rf3 Rxf3 26. gxf3 Qf4 27. Qc8
Ne5 28. Qxb7 Nxf3+ 29. Kg2 Bc7 30. Qc8 Nd2 31. Rh1 Qe4+ 32. Kh3 Qxe7 33. Rd1 Bf4
34. Qg4 Qf6 35. Rxd2 Bxd2 36. Qd7+ Kg8 37. Qxd2 Qf3+ 38. Kh4 h5 39. Kg5 Kg7 40.
Qb2+ Kh7 41. h3 Qf5+ 0-1

[Event "Olimpiade 2014 - Open"]
[Site "Tromsø"]
[Date "08.08.2014"]
[Round "6.33"]
[Board "1"]
[White "Baburin, Alexander"]
[Black "De La Riva Aguado, Oscar"]
[Result "1-0"]
[WhiteTitle "GM"]
[BlackTitle "GM"]
[WhiteElo "2502"]
[BlackElo "2523"]
[WhiteTeam "Ireland"]
[BlackTeam "Andorra"]
[WhiteFideId "2500914"]
[BlackFideId "6900224"]
[EventDate "2014.08.02"]

1. d4 f5 2. g3 Nf6 3. Bg2 g6 4. Nf3 Bg7 5. O-O O-O 6. b4 c6 7. c4 d6 8. Bb2 Kh8
9. Nbd2 Be6 10. a4 Nbd7 11. a5 a6 12. Ne1 Bg8 13. Nd3 Re8 14. Qc2 e5 15. dxe5
Nxe5 16. Nxe5 dxe5 17. e4 f4 18. Nf3 fxg3 19. hxg3 Ng4 20. Rad1 Qe7 21. c5 Rad8
22. Rxd8 Rxd8 23. Rd1 Rf8 24. Qd3 Qe6 25. Rd2 Bh6 26. Bh3 Bg7 27. Bxg4 Qxg4 28.
Nxe5 Qg5 29. Qc3 Be6 30. Rd6 Qf6 31. Nxg6+ hxg6 32. Qxf6 Bxf6 33. Bxf6+ Rxf6 34.
e5 1-0

[Event "Olimpiade 2014 - Open"]
[Site "Tromsø"]
[Date "08.08.2014"]
[Round "6.33"]
[Board "2"]
[White "Simonet, Marc"]
[Black "Collins, Sam E."]
[Result "0-1"]
[WhiteTitle "FM"]
[BlackTitle "IM"]
[WhiteElo "2222"]
[BlackElo "2495"]
[WhiteTeam "Andorra"]
[BlackTeam "Ireland"]
[WhiteFideId "6900127"]
[BlackFideId "2501198"]
[EventDate "2014.08.02"]

1. d4 Nf6 2. c4 g6 3. Nc3 Bg7 4. e4 d6 5. Nf3 O-O 6. Be2 e5 7. O-O Nc6 8. d5 Ne7
9. b4 a5 10. bxa5 c5 11. a4 Rxa5 12. Bd2 Ra6 13. Qc2 Ne8 14. Nb5 Bd7 15. Ra3 f5
16. exf5 gxf5 17. Ng5 Ng6 18. h3 Qe7 19. g4 e4 20. gxf5 Bxf5 21. Bg4 e3 22. Bxf5 0-1

[Event "Olimpiade 2014 - Open"]
[Site "Tromsø"]
[Date "08.08.2014"]
[Round "6.33"]
[Board "3"]
[White "Astaneh Lopez, Alex"]
[Black "Garcia Paolicchi, Raul"]
[Result "1-0"]
[WhiteTitle "IM"]
[BlackTitle "FM"]
[WhiteElo "2419"]
[BlackElo "2176"]
[WhiteTeam "Ireland"]
[BlackTeam "Andorra"]
[WhiteFideId "2501430"]
[BlackFideId "6900020"]
[EventDate "2014.08.02"]

1. d4 d5 2. c4 c6 3. Nf3 Nf6 4. e3 Bf5 5. Nc3 e6 6. Nh4 Bg6 7. Qb3 Qb6 8. Nxg6
hxg6 9. Bd2 Nbd7 10. g3 Be7 11. cxd5 Qxb3 12. axb3 Nxd5 13. Nxd5 exd5 14. b4 O-O
15. b5 cxb5 16. Bxb5 Nf6 17. Ke2 a6 18. Bd3 Ne4 19. Be1 Rac8 20. f3 Nf6 21. Bd2
Rfd8 22. h4 Rc6 23. Rhb1 Ne8 24. Ra5 Nc7 25. b4 b5 26. Ra2 Kf8 27. Bc2 Bf6 28.
Kd3 Ke8 29. Bb3 Rdd6 30. Rh1 Be7 31. e4 Rd8 32. h5 Rf6 33. Ke3 Rfd6 34. e5 Rc6
35. hxg6 Rxg6 36. Bc2 Rc6 37. Bd3 Rb8 38. Rh8+ Bf8 39. f4 g6 40. g4 Ne6 41. f5
gxf5 42. gxf5 Ng5 43. Kf2 Rh6 44. Rxh6 Bxh6 45. Ke2 Rb6 46. Rxa6 1-0

[Event "Olimpiade 2014 - Open"]
[Site "Tromsø"]
[Date "08.08.2014"]
[Round "6.33"]
[Board "4"]
[White "Ribera Bazan, Jose"]
[Black "Heidenfeld, Mark"]
[Result "1/2-1/2"]
[BlackTitle "IM"]
[WhiteElo "2117"]
[BlackElo "2382"]
[WhiteTeam "Andorra"]
[BlackTeam "Ireland"]
[WhiteFideId "6900305"]
[BlackFideId "2500990"]
[EventDate "2014.08.02"]

1. d4 Nf6 2. c4 e6 3. Nc3 d5 4. cxd5 exd5 5. Bg5 c6 6. Qc2 Be7 7. e3 Nbd7 8. Bd3
Nf8 9. Nge2 Ne6 10. Bh4 g6 11. O-O O-O 12. f3 c5 13. dxc5 Bxc5 14. Bf2 d4 15.
exd4 Nxd4 16. Nxd4 Bxd4 17. Rfd1 Qb6 18. Bxd4 Qxd4+ 19. Qf2 Rd8 20. Ne4 Qxf2+
21. Kxf2 Nxe4+ 22. Bxe4 Be6 23. a3 Rac8 24. Ke3 b6 25. Rxd8+ Rxd8 26. Rc1 Rd7
27. Rc8+ Kg7 28. Rb8 g5 29. Rb7 f5 30. Rxd7+ Bxd7 31. Bd3 Kf6 32. f4 h6 33. g3
Ke6 34. Kd4 g4 1/2-1/2

[Event "Olimpiade 2014 - Open"]
[Site "Tromsø"]
[Date "08.08.2014"]
[Round "6.34"]
[Board "1"]
[White "Munoz Sanchez, Miguel"]
[Black "Mandizha, Farai"]
[Result "1-0"]
[WhiteTitle "IM"]
[BlackTitle "IM"]
[WhiteElo "2296"]
[BlackElo "2388"]
[WhiteTeam "Ecuador"]
[BlackTeam "Zimbabwe"]
[WhiteFideId "3600734"]
[BlackFideId "11000430"]
[EventDate "2014.08.02"]

1. d4 Nf6 2. c4 e6 3. Nf3 b6 4. g3 Ba6 5. b3 b5 6. cxb5 Bxb5 7. Bg2 Bb4+ 8. Bd2
Qe7 9. O-O O-O 10. Re1 d5 11. Bxb4 Qxb4 12. Qd2 c5 13. Nc3 Bc6 14. Rac1 Nbd7 15.
dxc5 Qxc5 16. Nd4 Bb7 17. Nxd5 Bxd5 18. Rxc5 Nxc5 19. Bxd5 Nxd5 20. b4 Ne4 21.
Qd3 Nef6 22. Nc6 Rfe8 23. e4 Ne7 24. b5 Nxc6 25. bxc6 Rac8 26. Rc1 Rc7 27. f3
Rec8 28. Kf2 h6 29. Qb5 Kh8 30. h4 Ng8 31. g4 Ne7 32. h5 Kg8 33. g5 hxg5 34.
Qxg5 f6 35. Qg3 Kf8 36. Rg1 Nxc6 37. Qd6+ Ne7 38. Qxe6 Ng8 39. Rd1 Rc6 40. Qd7
a6 41. Rb1 Ne7 42. Rb7 Re8 43. Kg3 f5 44. e5 Rh6 45. Ra7 Rxh5 46. Rxa6 Rg5+ 47.
Kf2 Rb8 48. Ra7 Rb2+ 49. Ke3 f4+ 50. Kxf4 Rf5+ 51. Qxf5+ Nxf5 52. Kxf5 Rb6 53.
a4 Rc6 54. f4 Kg8 55. a5 Kf8 56. Kg5 Kg8 57. f5 Kf8 58. e6 Rc1 59. Rf7+ Kg8 60.
a6 Ra1 61. a7 Ra4 62. Rb7 Kh7 63. e7 1-0

[Event "Olimpiade 2014 - Open"]
[Site "Tromsø"]
[Date "08.08.2014"]
[Round "6.34"]
[Board "2"]
[White "Makoto, Rodwell"]
[Black "Guerra Tulcan, Lenin"]
[Result "0-1"]
[WhiteTitle "IM"]
[BlackTitle "FM"]
[WhiteElo "2279"]
[BlackElo "2374"]
[WhiteTeam "Zimbabwe"]
[BlackTeam "Ecuador"]
[WhiteFideId "11000120"]
[BlackFideId "3601382"]
[EventDate "2014.08.02"]

1. Nf3 e6 2. c4 c5 3. g3 b6 4. Bg2 Bb7 5. O-O Nf6 6. b3 Be7 7. Bb2 O-O 8. e3 d6
9. d4 Nbd7 10. Nc3 a6 11. Qe2 Re8 12. Rfd1 Qc7 13. e4 cxd4 14. Rxd4 Rac8 15.
Rad1 Qb8 16. h3 Nc5 17. Ne1 Qa8 18. e5 dxe5 19. Qxe5 Bxg2 20. Nxg2 Qc6 21. Ne3
Ncd7 22. Rxd7 Nxd7 23. Qd4 Nf6 24. Qe5 Rcd8 25. Rxd8 Bxd8 26. Ne2 Bc7 27. Qg5 h6
28. Qh4 Qf3 29. Bxf6 Qxf6 30. Qe4 Rd8 31. Qc6 Rd2 32. Qxc7 Rxe2 33. Ng4 Qf3 34.
Qd8+ Kh7 35. Qd1 h5 0-1

[Event "Olimpiade 2014 - Open"]
[Site "Tromsø"]
[Date "08.08.2014"]
[Round "6.34"]
[Board "3"]
[White "Mieles Palau, Daniel"]
[Black "Masango, Spencer"]
[Result "1-0"]
[WhiteTitle "IM"]
[WhiteElo "2374"]
[BlackElo "2155"]
[WhiteTeam "Ecuador"]
[BlackTeam "Zimbabwe"]
[WhiteFideId "3600467"]
[BlackFideId "14300753"]
[EventDate "2014.08.02"]

1. c4 Nf6 2. Nc3 e6 3. Nf3 d5 4. d4 c6 5. e3 Nbd7 6. Bd3 dxc4 7. Bxc4 b5 8. Bd3
a6 9. O-O Bb7 10. Qe2 Bd6 11. e4 e5 12. Bg5 h6 13. Bh4 O-O 14. dxe5 Bxe5 15.
Nxe5 Nxe5 16. Rad1 Qe7 17. f4 Nxd3 18. Rxd3 b4 19. e5 bxc3 20. Bxf6 Qc5+ 21. Kh1
c2 22. Rg3 Rfd8 23. Rxg7+ Kf8 24. Qg4 1-0

[Event "Olimpiade 2014 - Open"]
[Site "Tromsø"]
[Date "08.08.2014"]
[Round "6.35"]
[Board "1"]
[White "Juarez Flores, Carlos A."]
[Black "Djurhuus, Rune"]
[Result "0-1"]
[WhiteTitle "IM"]
[BlackTitle "GM"]
[WhiteElo "2425"]
[BlackElo "2436"]
[WhiteTeam "Guatemala"]
[BlackTeam "Norway 3"]
[WhiteFideId "7300018"]
[BlackFideId "1500082"]
[EventDate "2014.08.02"]

1. Nf3 c5 2. e4 d6 3. Bb5+ Bd7 4. Bxd7+ Qxd7 5. c4 Nf6 6. Nc3 g6 7. O-O Nc6 8.
d4 cxd4 9. Nxd4 Bg7 10. Nde2 Qe6 11. Nd5 Qxe4 12. Nc7+ Kd7 13. Nxa8 Qxc4 14.
Nb6+ axb6 15. b3 Qh4 16. h3 Nd5 17. Rb1 e6 18. Bb2 Bxb2 19. Rxb2 g5 20. Rd2 g4
21. Rxd5 exd5 22. Qxd5 gxh3 23. Qxf7+ Qe7 24. Qf5+ Qe6 25. Qxe6+ Kxe6 26. Nf4+
Ke5 27. g3 d5 28. Re1+ Kd6 29. Rd1 d4 30. Kh2 Kc5 31. Nd3+ Kd5 32. Kxh3 Ra8 33.
Rd2 Ne5 34. Nf4+ Ke4 35. Re2+ Kf5 36. Kg2 d3 37. Rd2 Ke4 38. Kh3 Rd8 39. Ne6 Rd6
40. Ng5+ Kd4 41. f4 Ke3 42. Rd1 Nf3 0-1

[Event "Olimpiade 2014 - Open"]
[Site "Tromsø"]
[Date "08.08.2014"]
[Round "6.35"]
[Board "2"]
[White "Hauge, Lars Oskar"]
[Black "Cu Hor, Winston Darwin"]
[Result "1-0"]
[WhiteTitle "FM"]
[BlackTitle "FM"]
[WhiteElo "2346"]
[BlackElo "2259"]
[WhiteTeam "Norway 3"]
[BlackTeam "Guatemala"]
[WhiteFideId "1509276"]
[BlackFideId "7300662"]
[EventDate "2014.08.02"]

1. e4 c5 2. Nf3 d6 3. Bb5+ Nc6 4. Bxc6+ bxc6 5. O-O e5 6. c3 g5 7. d4 g4 8. Nfd2
cxd4 9. cxd4 exd4 10. Nc4 c5 11. e5 d5 12. Nd6+ Bxd6 13. exd6 Qf6 14. b4 c4 15.
Nc3 d3 16. Nb5 Rb8 17. Nc7+ Kf8 18. Be3 d4 19. Qc1 dxe3 20. fxe3 Qxd6 21. Qxc4
Nf6 22. Rad1 Rg8 23. Rxd3 Qe7 24. Qf4 Rb6 25. Qh6+ Rg7 26. Rc1 Ne8 27. Qf4 Rxb4
28. Nxe8 Rxf4 29. Rxc8 Rc4 30. Nc7+ 1-0